Najmniejsze terytoria zależne. - Statystyki

Ogólne statystyki
  • Ten quiz został rozwiązany 15 razy
  • Średni wynik to 2 z 15
Statystyki odpowiedzi
Powierzchnia w km² Odpowiedź % Poprawnych
6.8 Gibraltar
45%
54 Bermudy
36%
47 Pitcairn
18%
22 Saint-Barthélemy
18%
53 Saint-Martin
18%
21 Sint Eustatius
18%
12 Tokelau
18%
6.0 Wyspa Clippertona
18%
14 Wyspy Kokosowe
18%
13 Saba
9%
34 Sint Maarten
9%
49 Wyspa Bouveta
9%
5.0 Wyspy Ashmore i Cartiera
9%
36 Norfolk
0%
3.0 Wyspy Morza Koralowego
0%
Nie znaleziono quizów pasujących do podanych kryteriów
Rozkład punktacji
Procent ludzi z każdym wynikiem
Percentyl według liczby udzielonych odpowiedzi
Twoja historia wyników
Nie rozwiązałeś tego quizu